Statistiques concernant Les 30 personnages les plus cités du seigneur des anneaux

Cliquez ici pour prendre le quiz!

Statistiques générales

  • Ce quiz a été pris 3 496 fois
  • Le résultat moyen est 19 sur 30

Statistiques - réponses

Nombre de mentionPersonnage% Correct
1990Frodon Sacquet
99%
1174Gandalf
99%
977Aragorn
97%
340Legolas
97%
1316Samsagace Gamegie
97%
141Sauron
95%
390Gimli
94%
577Meriadoc Brandebouc
90%
736Peregrin Touque
90%
277Boromir
89%
573Gollum
89%
367Bilbon Sacquet
84%
298Saroumane
84%
297Faramir
83%
83Galadriel
81%
181Elrond
79%
222Théoden
74%
125Eowyn
67%
224Eomer
59%
141Denethor
49%
77Gríma
46%
161Sylvebarbe
40%
75Isildur
38%
145Tom Bombadil
32%
58Elendil
15%
70Gripoil
6%
88Prosper Poiredebeurré
5%
56Uglúk
4%
73Beregond
3%
56Lothon Sacquet-de-Besace
3%

Distribution des résultats

Percentile par nombre de réponses

% des personnes avec chaque résultat

Votre développement - résultats

Vous n’avez pas pris ce quiz